000 00604nam a2200193 a 4500
001 000024909
005 20200930023437.0
008 110207s1971 sp abc r 000 0 spa d
040 _aDO-SdBNP
_bspa
_cBNPHU
082 _axxxxx
_bS487l
100 1 _aSerrano, Antonio Maciá
_951143
245 1 0 _aLepanto /
_cAntonio Maciá Serrano.
260 _aMadrid :
_bPublicaciones Españolas,
_c1971.
300 _a62 p. :
_bil., mapas., retrs. ;
_c21 cm.
490 1 _aTemas españoles ;
_v523
500 _aIncluye referencia bibliográfica p. [57].
830 0 _aTemas españoles ;
_n523
_951144
049 _aBNGR
999 _c24402
_d24402